La guerra civil en los documentos libertarios (Record no. 16821)

MARC details
000 -LEADER
campo de control de longitud fija 00986nam a2200265 i 4500
001 - NÚMERO DE CONTROL
campo de control 16821
003 - IDENTIFICADOR DE NÚMERO DE CONTROL
campo de control ES-MaACL
005 - FECHA Y HORA DE LA ÚLTIMA TRANSACCIÓN
campo de control 20251114122036.0
007 - CAMPO FIJO DE DESCRIPCIÓN FÍSICA--INFORMACIÓN GENERAL
campo de control de longitud fija t|
008 - DATOS DE LONGITUD FIJA--INFORMACIÓN GENERAL
campo de control de longitud fija 001113s1984 sp ||||1| spa d
080 ## - NÚMERO DE LA CLASIFICACIÓN DECIMAL UNIVERSAL
Número de la Clasificación Decimal Universal 331.105.44(460)(064.3)
080 ## - NÚMERO DE LA CLASIFICACIÓN DECIMAL UNIVERSAL
Número de la Clasificación Decimal Universal 946.0"1936/1939"(064.3)
245 03 - MENCIÓN DEL TÍTULO
Título La guerra civil en los documentos libertarios
Resto del título : Hospital Real, octubre 1984.
260 ## - PUBLICACIÓN, DISTRIBUCIÓN, ETC.
Lugar de publicación, distribución, etc. [Granada] :
Nombre del editor, distribuidor, etc. Diputación Provincial,
Fecha de publicación, distribución, etc. [1984]
300 ## - DESCRIPCIÓN FÍSICA
Extensión 39 p. :
Otras características físicas il. ;
Dimensiones 28 x 20 cm.
610 27 - PUNTO DE ACCESO ADICIONAL DE MATERIA--NOMBRE DE ENTIDAD CORPORATIVA
Nombre de entidad corporativa o nombre de jurisdicción como elemento de entrada Confederación Nacional del Trabajo (España)-
Subdivisión de forma Exposiciones.
9 (RLIN) 3168
650 #4 - PUNTO DE ACCESO ADICIONAL DE MATERIA--TÉRMINO DE MATERIA
9 (RLIN) 9778
Término de materia o nombre geográfico como elemento de entrada Anarcosindicalismo
651 #4 - PUNTO DE ACCESO ADICIONAL DE MATERIA--NOMBRE GEOGRÁFICO
Nombre geográfico España-
Subdivisión general Historia-
Subdivisión cronológica 1936-1939, Guerra civil-
Subdivisión de forma Exposiciones.
9 (RLIN) 8304
655 #7 - TERMINO DE INDIZACIÓN--GENERO/FORMA
Fuente del término tgfbne
9 (RLIN) 193628
Datos o término principal de género/forma Catálogos de exposiciones
710 1# - ENTRADA AGREGADA--NOMBRE DE ENTIDAD CORPORATIVA
Nombre de entidad corporativa o nombre de jurisdicción como elemento de entrada Granada (Provincia).
Unidad subordinada Diputación Provincial.
9 (RLIN) 4488
710 2# - ENTRADA AGREGADA--NOMBRE DE ENTIDAD CORPORATIVA
Nombre de entidad corporativa o nombre de jurisdicción como elemento de entrada Confederación Nacional del Trabajo (España)
9 (RLIN) 3165
852 ## - LOCALIZACIÓN
Ubicación ES-MaACL
Número de control de estantería 2155-F-21
Sublocalización o colección R.126952
942 ## - ELEMENTOS DE ENTRADA SECUNDARIOS (KOHA)
Fuente del sistema de clasificación o colocación Clasificación decimal universal
Holdings
Estatus retirado Estado de pérdida Estado de daño No para préstamo Colección Biblioteca de origen Biblioteca actual Ubicación en estantería Fecha de adquisición Fuente de adquisición Total de préstamos Signatura topográfica completa Código de barras Visto por última vez Precio de reemplazo Tipo de ítem Koha
        Colección de folletos Biblioteca del Ateneo de Madrid Biblioteca del Ateneo de Madrid Depósito folletos 17/01/2008     2155-F-21 1017085 23/02/2023 23/02/2023 Folleto